| 000 | 00718nam a2200205 i 4500 | ||
|---|---|---|---|
| 001 | 78317 | ||
| 003 | ES-MaACL | ||
| 005 | 20250717070755.0 | ||
| 007 | t| | ||
| 008 | 041013m19221924fr ||||1| fre d | ||
| 100 | 1 |
_aHardy, André. _961827 |
|
| 245 | 1 | 0 |
_aCours pratique d'electricité théorique et industrielle / _cAndré Hardy. |
| 250 | _a5eme ed. | ||
| 260 |
_aParis : _bEcole Spéciale des Travaux Publies, _c1922-1924 ( _eVilleneuve-St. Georges : _fL'Union Tipografica) |
||
| 300 |
_a3 v. : _bil. ; _c23 cm. |
||
| 650 | 0 | 7 |
_aElectricidad _2embne _912159 |
| 710 | 2 |
_aEcole Spéciale des Travaux Publics du Batiment et de l'Industrie (París) _93417 |
|
| 852 |
_aES-MaACL _jB-2315-17 |
||
| 999 |
_c78317 _d78317 |
||